Engineering manufacturing processes in machine and assembly shops (Record no. 16380)

000 -LEADER
fixed length control field 00651nam a22002051 4500
001 - CONTROL NUMBER
control field 16380
003 - CONTROL NUMBER IDENTIFIER
control field BD-DhUET
008 - FIXED-LENGTH DATA ELEMENTS--GENERAL INFORMATION
fixed length control field 700716s1967 ru a 000 0 eng
040 ## - CATALOGING SOURCE
Original cataloging agency DLC
Transcribing agency DLC
Modifying agency BD-DhUET
082 00 - DEWEY DECIMAL CLASSIFICATION NUMBER
Classification number 621.9
Item number MAS/1967
100 ## - MAIN ENTRY--PERSONAL NAME
Personal name Maslov, D.
245 10 - TITLE STATEMENT
Title Engineering manufacturing processes in machine and assembly shops
Statement of responsibility, etc. by D. Maslov, V. Danilevsky, and V. Sasov. Translated from the Russian by Nicholas Weinstein.
250 ## - EDITION STATEMENT
Edition statement 1st ed.
260 ## - PUBLICATION, DISTRIBUTION, ETC. (IMPRINT)
Place of publication, distribution, etc. Moscow
Name of publisher, distributor, etc. MIR Publishers
Date of publication, distribution, etc. 1967
300 ## - PHYSICAL DESCRIPTION
Extent 420 p.
Other physical details illus.
Dimensions 23 cm.
650 #0 - SUBJECT ADDED ENTRY--TOPICAL TERM
Topical term or geographic name as entry element Transmission electrical power
700 ## - ADDED ENTRY--PERSONAL NAME
Personal name Danilevsky, V.
700 ## - ADDED ENTRY--PERSONAL NAME
Personal name Sasov, V.
942 ## - ADDED ENTRY ELEMENTS (KOHA)
Koha item type General Book
Holdings
Source of classification or shelving scheme Not for loan Koha date last seen Koha full call number Lost status Piece designation (barcode) Koha normalized classification for sorting Price effective from Shelving location Koha item type Damaged status Sublocation or collection (holding branch) Withdrawn status Location (home branch) Date acquired Copy number
  2015-03-19621.9/MAS/1967 13960621_900000000000000_MAS_19672015-03-19Circulation sectionGeneral Book Central Library, BUET Central Library, BUET2015-03-191
  2015-03-19621.9/MAS/1967 21611621_900000000000000_MAS_19672015-03-19Circulation sectionGeneral Book Central Library, BUET Central Library, BUET2015-03-192
  2015-03-19621.9/MAS/1967 13328621_900000000000000_MAS_19672015-03-19Circulation sectionGeneral Book Central Library, BUET Central Library, BUET2015-03-193
  2015-03-19621.9/MAS/1967 37200621_900000000000000_MAS_19672015-03-19Circulation sectionGeneral Book Central Library, BUET Central Library, BUET2015-03-194
  2016-10-04621.9/MAS/1967 13961621_900000000000000_MAS_19672015-03-19Circulation sectionGeneral Book Central Library, BUET Central Library, BUET2015-03-195
  2015-03-19621.9/MAS/1967 13329621_900000000000000_MAS_19672015-03-19Circulation sectionGeneral Book Central Library, BUET Central Library, BUET2015-03-196